000 00783cab a2200253 4500
001 WB2737-67
008 090401t1991 xxu||||| |||| 00| 0 eng d
035 _a(Sirsi) u60149
041 _aeng
245 _aBarn conversions
260 _c1991
350 _a0
490 _aIndependent
_v21 September 1991, 39
490 _aGuardian
_v21 September 1991, 30(2)
520 _aTwo articles looking at barn conversions. One focusing on one architect`s work on conversions for residential use; and the other examining the concept of camping barns for holidays.
650 _aBARNS
650 _aCAMPING BARNS
650 _aHOLIDAY COTTAGES
650 _aREDUNDANT FARM BUILDINGS
650 _aRESIDENTIAL
690 _aRURAL PRACTICE
942 _n0
948 _c04/03/1997
999 _c37052
_d37052